Decentralization, forests and rural communinities : Policy outcomes in South dan Southeast Asia

Bibliographic Details
Other Authors: Shivakoti, Ganesh, Webb, Edward L,1967-
Format: Book
Published: New delhi, India : SAGE Publications Oxford University Press , 2008
Subjects:

MARC

LEADER 00000cam a2200000 7i4500
001 0000004020
005 20150107.0
020 0 0 |a 9780761935483 
090 0 0 |a 333.750954   |b DEC 2008 
245 1 4 |a Decentralization, forests and rural communinities :   |b Policy outcomes in South dan Southeast Asia   |c edited by Edward L.Webb and Ganesh P. Shivakoti 
260 0 0 |a New delhi, India :   |b SAGE Publications Oxford University Press ,   |c 2008 
300 |a 304pg ;   |c 22 cm. 
650 0 0 |a Decentralization in management---Asia---Case studies 
650 0 0 |a Forests management---Asia---Case studies 
650 0 0 |a Forests policy---Asia---Case studies 
700 0 1 |a Shivakoti, Ganesh 
700 0 1 |a Webb, Edward L,1967- 
998 |a JPSM 
999 |a 007844   |b Monograph   |c Open Shelf   |e Default branch